[Event "GBR-ch 111th"]
[Site "Liverpool"]
[Date "2025.08.04"]
[Round "3.23"]
[White "Badacsonyi, Frankie"]
[Black "Derakhshani, Borna"]
[Result "1-0"]
[WhiteElo "2193"]
[BlackElo "2348"]
[PlyCount "87"]
[EventDate "2025.08.02"]
[EventType "swiss"]
[EventRounds "9"]
[EventCountry "GBR"]
[SourceTitle "BritBase"]
[Source "John Saunders"]
[SourceDate "2025.08.11"]
[SourceVersion "1"]
[SourceVersionDate "2025.08.11"]
[SourceQuality "1"]

1. d4 e6 2. Nf3 c5 3. g3 cxd4 4. Nxd4 e5 5. Nb3 f5 6. Bg2 Nf6 7. c4 Nc6 8. Nc3 d6 9. Bg5 Be7 10. Qd2 Be6 11. Bxf6 Bxf6 12. Bd5 Qd7 13. Bxe6 Qxe6 14. Nb5 O-O-O 15. Rd1 Be7 16. Qd5 Qxd5 17. cxd5 a6 18. dxc6 axb5 19. Na5 Kc7 20. cxb7 Rb8 21. Rd5 Bd8 22. Rxb5 Kd7 23. Nc4 Kc6 24. a4 Bc7 25. Ne3 Rxb7 26. Rxb7 Kxb7 27. Nxf5 g6 28. Ne3 Ba5+ 29. Kd1 Bb6 30. Kd2 Rf8 31. f3 e4 32. fxe4 Rf2 33. Nd5 Bd4 34. b4 g5 35. Kd3 Ba7 36. b5 Bc5 37. a5 h5 38. a6+ Ka7 39. Ra1 Rf8 40. b6+ Bxb6 41. Nxb6 Kxb6 42. a7 Ra8 43. Kd4 Kc6 44. Ra2 1-0

[Event "GBR-ch 111th"]
[Site "Liverpool"]
[Date "2025.08.04"]
[Round "3.24"]
[White "Bradbury, Neil H"]
[Black "Wells, Peter K"]
[Result "1/2-1/2"]
[WhiteElo "2137"]
[BlackElo "2339"]
[PlyCount "57"]
[EventDate "2025.08.02"]
[EventType "swiss"]
[EventRounds "9"]
[EventCountry "GBR"]
[SourceTitle "BritBase"]
[Source "John Saunders"]
[SourceDate "2025.08.11"]
[SourceVersion "1"]
[SourceVersionDate "2025.08.11"]
[SourceQuality "1"]

1. d4 Nf6 2. c4 e6 3. Nf3 d5 4. g3 Bb4+ 5. Nbd2 dxc4 6. Bg2 a5 7. a3 Bxd2+ 8. Bxd2 O-O 9. Qc2 b5 10. Ng5 Ra6 11. Rd1 h6 12. h4 Qe7 13. Bf4 Re8 14. Be5 Nbd7 15. f4 Nf8 16. Bxf6 gxf6 17. Ne4 e5 18. dxe5 fxe5 19. Nc3 Rg6 20. Nd5 Qd6 21. Qc3 c6 22. fxe5 Qxe5 23. Nf4 Qxc3+ 24. bxc3 Rxg3 25. Bxc6 Re5 26. Kf2 Rg4 27. e3 Be6 28. Bf3 Rg7 29. Rd8 1/2-1/2

[Event "GBR-ch 111th"]
[Site "Liverpool"]
[Date "2025.08.04"]
[Round "3.25"]
[White "Ledger, Andrew J"]
[Black "Sedykh, Mikhail"]
[Result "1/2-1/2"]
[WhiteElo "2323"]
[BlackElo "2159"]
[PlyCount "75"]
[EventDate "2025.08.02"]
[EventType "swiss"]
[EventRounds "9"]
[EventCountry "GBR"]
[SourceTitle "BritBase"]
[Source "John Saunders"]
[SourceDate "2025.08.11"]
[SourceVersion "1"]
[SourceVersionDate "2025.08.11"]
[SourceQuality "1"]

1. c4 e6 2. g3 d5 3. Bg2 Nf6 4. Nf3 d4 5. O-O Be7 6. d3 O-O 7. e3 Nc6 8. exd4 Nxd4 9. Nc3 Nxf3+ 10. Bxf3 e5 11. Re1 Bd6 12. d4 exd4 13. Qxd4 Bb4 14. Qh4 c6 15. Rd1 Qa5 16. Ne2 Qf5 17. Kg2 Re8 18. Nd4 Qg6 19. h3 Bd7 20. Qf4 Ne4 21. h4 Bd6 22. h5 Bxf4 23. hxg6 Bxc1 24. gxf7+ Kxf7 25. Raxc1 Ng5 26. Rc3 Rad8 27. Nb3 Bh3+ 28. Kh2 Rxd1 29. Bxd1 Re1 30. Rc1 Rf1 31. Bh5+ g6 32. Rxf1 Bxf1 33. Nd2 Bd3 34. Bg4 c5 35. Kg2 Kf6 36. Bc8 b6 37. Bb7 Nf7 38. f4 1/2-1/2

[Event "GBR-ch 111th"]
[Site "Liverpool"]
[Date "2025.08.04"]
[Round "3.26"]
[White "Vaidyanathan, Adithya"]
[Black "Kalavannan, Koby"]
[Result "1/2-1/2"]
[WhiteElo "2115"]
[BlackElo "2323"]
[PlyCount "89"]
[EventDate "2025.08.02"]
[EventType "swiss"]
[EventRounds "9"]
[EventCountry "GBR"]
[SourceTitle "BritBase"]
[Source "John Saunders"]
[SourceDate "2025.08.11"]
[SourceVersion "1"]
[SourceVersionDate "2025.08.11"]
[SourceQuality "1"]

1. d4 Nf6 2. c4 b6 3. Nc3 Bb7 4. Nf3 e6 5. a3 Be7 6. Qc2 c5 7. dxc5 bxc5 8. Bg5 d5 9. cxd5 exd5 10. e3 O-O 11. Be2 Nbd7 12. O-O h6 13. Bh4 Qb6 14. Rfd1 Rfd8 15. Rac1 Rac8 16. Ne1 Qe6 17. Bg3 Ne5 18. Nd3 Nxd3 19. Bxd3 d4 20. Nb1 dxe3 21. f3 c4 22. Bf5 Qb6 23. Kf1 c3 24. Nxc3 Rd2 25. Rxd2 exd2 26. Qxd2 Ba6+ 27. Ne2 Rxc1+ 28. Qxc1 Nd5 29. Be4 Ne3+ 30. Kg1 Nd1+ 31. Kf1 Ne3+ 32. Kg1 Bxe2 33. Bf2 Qd4 34. Bxe3 Qd7 35. Qd2 Qb5 36. Kf2 Bc4 37. Bxa7 f5 38. Bb1 Bg5 39. Be3 Bxe3+ 40. Kxe3 f4+ 41. Ke4 Be6 42. Qd8+ Kf7 43. Qc7+ Kg8 44. Qd8+ Kf7 45. Qc7+ 1/2-1/2

[Event "GBR-ch 111th"]
[Site "Liverpool"]
[Date "2025.08.04"]
[Round "3.27"]
[White "Stoica, Savas Marin"]
[Black "Yao, Lan"]
[Result "0-1"]
[WhiteElo "2092"]
[BlackElo "2316"]
[PlyCount "60"]
[EventDate "2025.08.02"]
[EventType "swiss"]
[EventRounds "9"]
[EventCountry "GBR"]
[SourceTitle "BritBase"]
[Source "John Saunders"]
[SourceDate "2025.08.11"]
[SourceVersion "1"]
[SourceVersionDate "2025.08.11"]
[SourceQuality "1"]

1. d4 Nf6 2. c4 e6 3. Nc3 Bb4 4. Qc2 c5 5. dxc5 O-O 6. a3 Bxc5 7. Nf3 Nc6 8. Bg5 Be7 9. Rd1 b6 10. e3 Ne8 11. Bxe7 Qxe7 12. Be2 Bb7 13. O-O Rc8 14. Qd3 d6 15. b4 Rd8 16. e4 Nf6 17. Rfe1 Rd7 18. Bf1 Rfd8 19. Nd2 Qf8 20. f4 Ne7 21. g3 Ba6 22. Qf3 Rc8 23. b5 Bb7 24. Qf2 Ng6 25. Rc1 Rdc7 26. Na2 d5 27. e5 Ng4 28. Qe2 Qc5+ 29. Kh1 dxc4+ 30. Bg2 Nf2+ 0-1

[Event "GBR-ch 111th"]
[Site "Liverpool"]
[Date "2025.08.04"]
[Round "3.28"]
[White "Pereslavtsev, Alexandr"]
[Black "Badacsonyi, Stanley"]
[Result "1/2-1/2"]
[WhiteElo "2079"]
[BlackElo "2309"]
[PlyCount "96"]
[EventDate "2025.08.02"]
[EventType "swiss"]
[EventRounds "9"]
[EventCountry "GBR"]
[SourceTitle "BritBase"]
[Source "John Saunders"]
[SourceDate "2025.08.11"]
[SourceVersion "1"]
[SourceVersionDate "2025.08.11"]
[SourceQuality "1"]

1. d4 d5 2. c4 e6 3. Nc3 Nf6 4. cxd5 exd5 5. Bg5 c6 6. e3 Bd6 7. Bd3 h6 8. Bh4 O-O 9. Nf3 Be6 10. O-O Nbd7 11. Rb1 a5 12. a3 b5 13. Qc2 b4 14. Na4 Qc7 15. Nc5 Bg4 16. Bg3 Nxc5 17. Qxc5 Bxc5 18. Bxc7 Rfc8 19. dxc5 Bxf3 20. Bxa5 Rxa5 21. axb4 Ra4 22. gxf3 Rxb4 23. Ra1 g6 24. Ra7 Rxb2 25. Rb1 Rxb1+ 26. Bxb1 Rb8 27. Bc2 Rb5 28. Ba4 Rxc5 29. Ra6 Kg7 30. Rxc6 Rc4 31. Bb5 Rb4 32. Bd3 d4 33. Rc4 Rxc4 34. Bxc4 dxe3 35. fxe3 Nd7 36. Kf2 f5 37. Bd5 Kf6 38. f4 g5 39. Bb3 Nc5 40. Bc2 Ne6 41. Kg3 Ng7 42. fxg5+ hxg5 43. Bd1 Ke5 44. h4 f4+ 45. Kf3 gxh4 46. exf4+ Kf6 47. Kg4 Ne6 48. Kxh4 Nxf4 1/2-1/2

[Event "GBR-ch 111th"]
[Site "Liverpool"]
[Date "2025.08.04"]
[Round "3.29"]
[White "Shearsby, Jude"]
[Black "Eames, Robert S"]
[Result "1-0"]
[WhiteElo "2270"]
[BlackElo "2136"]
[PlyCount "61"]
[EventDate "2025.08.02"]
[EventType "swiss"]
[EventRounds "9"]
[EventCountry "GBR"]
[SourceTitle "BritBase"]
[Source "John Saunders"]
[SourceDate "2025.08.11"]
[SourceVersion "1"]
[SourceVersionDate "2025.08.11"]
[SourceQuality "1"]

1. e4 c5 2. Nf3 Nc6 3. d4 cxd4 4. Nxd4 e6 5. Nc3 a6 6. Nxc6 bxc6 7. Bd3 d5 8. O-O Nf6 9. Re1 Be7 10. e5 Nd7 11. Qg4 Kf8 12. a3 c5 13. Bf4 h5 14. Qf3 g5 15. Bd2 g4 16. Qf4 Bb7 17. b4 c4 18. Bg6 Qe8 19. Ne2 Bg5 20. Qxg5 fxg6 21. f3 Kg7 22. fxg4 hxg4 23. Qxg4 Rh5 24. Nd4 Nf8 25. Rf1 Rxe5 26. Bh6+ Kxh6 27. Qf4+ Rg5 28. h4 e5 29. Qxg5+ Kh7 30. Rae1 Nd7 31. h5 1-0

[Event "GBR-ch 111th"]
[Site "Liverpool"]
[Date "2025.08.04"]
[Round "3.30"]
[White "Kueh, Audrey"]
[Black "Webb, Laurence E"]
[Result "0-1"]
[WhiteElo "2071"]
[BlackElo "2268"]
[PlyCount "76"]
[EventDate "2025.08.02"]
[EventType "swiss"]
[EventRounds "9"]
[EventCountry "GBR"]
[SourceTitle "BritBase"]
[Source "John Saunders"]
[SourceDate "2025.08.11"]
[SourceVersion "1"]
[SourceVersionDate "2025.08.11"]
[SourceQuality "1"]

1. e4 e6 2. d4 d5 3. Nd2 c5 4. Ngf3 Nc6 5. exd5 exd5 6. Bb5 Qe7+ 7. Qe2 Qxe2+ 8. Kxe2 a6 9. Bxc6+ bxc6 10. dxc5 Bxc5 11. Nb3 Bd6 12. Be3 a5 13. a4 Nf6 14. Bc5 Kd7 15. Nfd2 Re8+ 16. Kf3 Bxc5 17. Nxc5+ Kd6 18. Ndb3 Bf5 19. Rac1 Ne4 20. Nxe4+ Bxe4+ 21. Kg3 Reb8 22. Rhe1 Rb4 23. Nd2 Rxa4 24. Nxe4+ Rxe4 25. Rxe4 dxe4 26. Kf4 Rb8 27. b3 f5 28. g4 fxg4 29. Kxe4 Rf8 30. Rg1 h5 31. h3 Rxf2 32. hxg4 h4 33. Rh1 g5 34. Ra1 Rf4+ 35. Ke3 Rxg4 36. Rxa5 h3 37. Ra8 h2 38. Rh8 Rh4 0-1

[Event "GBR-ch 111th"]
[Site "Liverpool"]
[Date "2025.08.04"]
[Round "3.31"]
[White "Pert, Max P"]
[Black "Fellowes, Billy"]
[Result "1/2-1/2"]
[WhiteElo "2263"]
[BlackElo "2122"]
[PlyCount "109"]
[EventDate "2025.08.02"]
[EventType "swiss"]
[EventRounds "9"]
[EventCountry "GBR"]
[SourceTitle "BritBase"]
[Source "John Saunders"]
[SourceDate "2025.08.11"]
[SourceVersion "1"]
[SourceVersionDate "2025.08.11"]
[SourceQuality "1"]

1. d4 Nf6 2. Bg5 d5 3. e3 c5 4. Bxf6 gxf6 5. dxc5 e6 6. c4 dxc4 7. Nd2 c3 8. bxc3 Nd7 9. Qa4 Bg7 10. Ngf3 O-O 11. Nb3 f5 12. Nfd4 Qc7 13. Be2 Nxc5 14. Nxc5 Qxc5 15. O-O Rd8 16. Rab1 Bd7 17. Qc2 b6 18. Rfd1 Bxd4 19. exd4 Qd6 20. c4 Rac8 21. Qb3 Bc6 22. Rbc1 Qf4 23. Qe3 Qxe3 24. fxe3 Kf8 25. Kf2 Ke7 26. Rc3 Rc7 27. g3 f6 28. Bd3 Rdc8 29. Rdc1 Bb7 30. Ke2 h6 31. Kd2 Ba6 32. a4 h5 33. h4 Rg8 34. Rg1 Rgc8 35. Rgc1 Rg8 36. Rg1 Rgc8 37. Be2 Rc6 38. a5 bxa5 39. c5 Bxe2 40. Kxe2 Rb8 41. Ra1 Ra6 42. Rca3 Rb5 43. Kd3 Kd7 44. Kc4 Rb4+ 45. Kc3 Rb5 46. Ra4 Kc7 47. Kc4 Kc6 48. R1a2 Rb1 49. Rxa5 Rc1+ 50. Kd3 Rxa5 51. Rxa5 Kb7 52. Ke2 Rc2+ 53. Kf3 Rc1 54. Kf2 Rc2+ 55. Kf3 1/2-1/2

[Event "GBR-ch 111th"]
[Site "Liverpool"]
[Date "2025.08.04"]
[Round "3.32"]
[White "Dishman, Stephen"]
[Black "Adams, Henry"]
[Result "0-1"]
[WhiteElo "2254"]
[BlackElo "2114"]
[PlyCount "60"]
[EventDate "2025.08.02"]
[EventType "swiss"]
[EventRounds "9"]
[EventCountry "GBR"]
[SourceTitle "BritBase"]
[Source "John Saunders"]
[SourceDate "2025.08.11"]
[SourceVersion "1"]
[SourceVersionDate "2025.08.11"]
[SourceQuality "1"]

1. d4 d5 2. c4 e6 3. Nf3 Nf6 4. g3 dxc4 5. Bg2 a6 6. O-O Nc6 7. Qd2 Bd7 8. Qc3 b5 9. Ne5 Nd5 10. Qf3 Nxe5 11. dxe5 c5 12. Rd1 Qc7 13. Nc3 Bc6 14. Qg4 Nxc3 15. Bxc6+ Qxc6 16. bxc3 h5 17. Qg5 Qe4 18. Be3 Qg4 19. a4 Qxg5 20. Bxg5 Be7 21. Bxe7 Kxe7 22. Rd6 b4 23. a5 b3 24. Kf1 Rhd8 25. Rad1 Rxd6 26. exd6+ Kd7 27. Ke1 Rb8 28. e4 Rb5 29. Ra1 Rxa5 30. Rxa5 b2 0-1

[Event "GBR-ch 111th"]
[Site "Liverpool"]
[Date "2025.08.04"]
[Round "3.33"]
[White "Richardson, John R"]
[Black "Weersing, Abigail R"]
[Result "1-0"]
[WhiteElo "2246"]
[BlackElo "2056"]
[PlyCount "65"]
[EventDate "2025.08.02"]
[EventType "swiss"]
[EventRounds "9"]
[EventCountry "GBR"]
[SourceTitle "BritBase"]
[Source "John Saunders"]
[SourceDate "2025.08.11"]
[SourceVersion "1"]
[SourceVersionDate "2025.08.11"]
[SourceQuality "1"]

1. e4 e6 2. d4 d5 3. Nd2 c5 4. Ngf3 cxd4 5. exd5 Qxd5 6. Bc4 Qd7 7. O-O Nc6 8. Nb3 Nf6 9. Bg5 Be7 10. Re1 O-O 11. Nbxd4 Nxd4 12. Nxd4 Qc7 13. Bb3 Rd8 14. c3 e5 15. Qe2 Bd7 16. Nf3 Bg4 17. Bxf7+ Kh8 18. Qxe5 Bd6 19. Qxf6 Rf8 20. Rad1 Bxh2+ 21. Nxh2 Bxd1 22. Rxd1 Rxf7 23. Qd6 Qa5 24. Qd5 Rf5 25. Qxb7 Raf8 26. Be3 Qxa2 27. Rd7 Qb1+ 28. Nf1 Qc2 29. Qxa7 Rg8 30. Rxg7 Rxf2 31. Bxf2 Rxg7 32. Qb8+ Rg8 33. Bd4# 1-0

[Event "GBR-ch 111th"]
[Site "Liverpool"]
[Date "2025.08.04"]
[Round "3.34"]
[White "Ashworth, Michael J"]
[Black "Banerjee, Supratit"]
[Result "1/2-1/2"]
[WhiteElo "2053"]
[BlackElo "2242"]
[PlyCount "117"]
[EventDate "2025.08.02"]
[EventType "swiss"]
[EventRounds "9"]
[EventCountry "GBR"]
[SourceTitle "BritBase"]
[Source "John Saunders"]
[SourceDate "2025.08.11"]
[SourceVersion "1"]
[SourceVersionDate "2025.08.11"]
[SourceQuality "1"]

1. d4 d5 2. c4 e6 3. Nc3 Nf6 4. Bg5 dxc4 5. Nf3 a6 6. e4 b5 7. e5 h6 8. Bh4 g5 9. Nxg5 hxg5 10. Bxg5 Nbd7 11. exf6 Bb7 12. d5 Nc5 13. dxe6 Qxd1+ 14. Rxd1 Nxe6 15. Be3 Bd6 16. h4 O-O-O 17. h5 Rde8 18. Kd2 Be5 19. Kc1 Bxf6 20. Nd5 Be5 21. Be2 f5 22. Bf3 f4 23. Bd2 Nd4 24. Bg4+ Kb8 25. Bxf4 Bxd5 26. Bxe5 Rxe5 27. Rxd4 Bxg2 28. Rhd1 Rh6 29. Rd8+ Ka7 30. f4 Re3 31. f5 Bf3 32. Rg1 Bxg4 33. Rxg4 Rxh5 34. Rf4 Re7 35. f6 Rf7 36. Re8 Kb7 37. Re6 Rd5 38. Kc2 Rc5 39. Kc3 Rc6 40. Rxc6 Kxc6 41. a4 Kd6 42. Kb4 c6 43. Ka5 Ke5 44. Rh4 Kd5 45. Kxa6 b4 46. Kb6 Rxf6 47. a5 c3 48. bxc3 bxc3 49. a6 c5+ 50. Kb5 c2 51. Rh1 Kd4 52. a7 Rf8 53. Rc1 Kc3 54. Kxc5 Kb2 55. Rxc2+ Kxc2 56. Kb6 Kc3 57. Kb7 Kb4 58. a8=Q Rxa8 59. Kxa8 1/2-1/2

[Event "GBR-ch 111th"]
[Site "Liverpool"]
[Date "2025.08.04"]
[Round "3.35"]
[White "Khoury, Theo"]
[Black "Ashbrooke, Monika"]
[Result "1-0"]
[WhiteElo "2239"]
[BlackElo "1591"]
[PlyCount "51"]
[EventDate "2025.08.02"]
[EventType "swiss"]
[EventRounds "9"]
[EventCountry "GBR"]
[SourceTitle "BritBase"]
[Source "John Saunders"]
[SourceDate "2025.08.11"]
[SourceVersion "1"]
[SourceVersionDate "2025.08.11"]
[SourceQuality "1"]

1. e4 e6 2. d4 d5 3. Nc3 dxe4 4. Nxe4 Bd7 5. Nf3 Bc6 6. Bd3 Nd7 7. O-O Ngf6 8. Nxf6+ Nxf6 9. Bg5 Be7 10. Qe2 h6 11. Bh4 O-O 12. Rad1 b6 13. Ne5 Bb7 14. c4 Nd7 15. Bxe7 Qxe7 16. f4 c5 17. Bb1 Rad8 18. Qc2 Nf6 19. f5 Rxd4 20. Rxd4 cxd4 21. fxe6 d3 22. Qxd3 Qc5+ 23. Kh1 Qxe5 24. Rxf6 Bxg2+ 25. Kxg2 Qg5+ 26. Kh1 1-0

[Event "GBR-ch 111th"]
[Site "Liverpool"]
[Date "2025.08.04"]
[Round "3.36"]
[White "Price, Gwilym T"]
[Black "Bharat Kumar, Balahari"]
[Result "1/2-1/2"]
[WhiteElo "2186"]
[BlackElo "2052"]
[PlyCount "93"]
[EventDate "2025.08.02"]
[EventType "swiss"]
[EventRounds "9"]
[EventCountry "GBR"]
[SourceTitle "BritBase"]
[Source "John Saunders"]
[SourceDate "2025.08.11"]
[SourceVersion "1"]
[SourceVersionDate "2025.08.11"]
[SourceQuality "1"]

1. e4 d5 2. exd5 Qxd5 3. Nc3 Qd6 4. d4 Nf6 5. Nf3 a6 6. g3 Bg4 7. h3 Bh5 8. g4 Bg6 9. Ne5 Nc6 10. Nxc6 Qxc6 11. Rg1 O-O-O 12. Bg2 Qb6 13. Qf3 e5 14. dxe5 Bc5 15. exf6 Rhe8+ 16. Kf1 Bxc2 17. Qxb7+ Qxb7 18. Bxb7+ Kxb7 19. fxg7 Bd4 20. Bg5 Rd6 21. Kg2 Bxg7 22. Rac1 Bg6 23. Rge1 Rxe1 24. Rxe1 Rb6 25. Re2 Rd6 26. Bf4 Rd7 27. Be5 f6 28. Bf4 Bd3 29. Rd2 f5 30. gxf5 Bxf5 31. Rxd7 Bxd7 32. h4 Be6 33. Bd2 Bxc3 34. Bxc3 Bxa2 35. Kf3 Kc6 36. Ke4 Kd6 37. Be5+ Kd7 38. Kf5 Bd5 39. f4 c5 40. Kf6 Ke8 41. h5 Bf3 42. h6 Kf8 43. Bd6+ Kg8 44. Bxc5 Bd5 45. f5 Bc4 46. Ke7 Bb3 47. f6 1/2-1/2

[Event "GBR-ch 111th"]
[Site "Liverpool"]
[Date "2025.08.04"]
[Round "3.37"]
[White "Crawford, Owen"]
[Black "Chopra, Tanmay"]
[Result "1-0"]
[WhiteElo "2125"]
[BlackElo "2357"]
[PlyCount "155"]
[EventDate "2025.08.02"]
[EventType "swiss"]
[EventRounds "9"]
[EventCountry "GBR"]
[SourceTitle "BritBase"]
[Source "John Saunders"]
[SourceDate "2025.08.11"]
[SourceVersion "1"]
[SourceVersionDate "2025.08.11"]
[SourceQuality "1"]

1. e4 e5 2. Nf3 Nc6 3. Bc4 Bc5 4. c3 Nf6 5. d3 d6 6. O-O O-O 7. Re1 Bb6 8. h3 h6 9. Bb3 a5 10. d4 Bd7 11. Be3 a4 12. Bc2 Ba7 13. Nbd2 b5 14. Nf1 Re8 15. Ng3 Na5 16. b3 axb3 17. axb3 Bb6 18. Qd2 Qe7 19. Rad1 Nc6 20. d5 Na5 21. Bxb6 cxb6 22. Nh4 Qf8 23. Nhf5 Kh7 24. Rf1 g6 25. Ne3 Qe7 26. f4 Kg7 27. Rf3 Rf8 28. Rdf1 Nh7 29. f5 Qh4 30. Kh2 Ng5 31. R3f2 Nb7 32. b4 h5 33. Qe1 Kg8 34. Qd2 Nh7 35. Bd3 Nf6 36. Qe2 Ra3 37. Qb2 Raa8 38. Qe2 Qg5 39. Qf3 Rac8 40. Ne2 Kg7 41. Rg1 Rh8 42. fxg6 fxg6 43. Qg3 Qxg3+ 44. Kxg3 h4+ 45. Kh2 Ra8 46. Rgf1 Rhf8 47. Ng1 Ra3 48. Nd1 Nd8 49. Nf3 Nf7 50. Nxh4 Ng5 51. Kg1 Bxh3 52. gxh3 Nxh3+ 53. Kg2 Nxf2 54. Rxf2 Rh8 55. Nf3 Nh5 56. Bf1 Nf4+ 57. Kg1 Ra1 58. Rd2 Kf6 59. Ne3 Rc8 60. Nd1 g5 61. Kf2 g4 62. Nh4 Rh8 63. Kg3 Kg5 64. Nf5 Rh1 65. Nfe3 Nh5+ 66. Kg2 Rh3 67. Nf5 Nf4+ 68. Kg1 Rf3 69. Nxd6 g3 70. Nf5 g2 71. Bxg2 Rxc3 72. Bf1 Rb3 73. d6 Rxb4 74. d7 Ne6 75. Nc3 Rb3 76. Nd5 Kg6 77. Rg2+ Kf7 78. Nh6+ 1-0

[Event "GBR-ch 111th"]
[Site "Liverpool"]
[Date "2025.08.04"]
[Round "3.38"]
[White "Shafi, Declan"]
[Black "Verbytski, Oleg"]
[Result "1-0"]
[WhiteElo "2183"]
[BlackElo "2001"]
[PlyCount "75"]
[EventDate "2025.08.02"]
[EventType "swiss"]
[EventRounds "9"]
[EventCountry "GBR"]
[SourceTitle "BritBase"]
[Source "John Saunders"]
[SourceDate "2025.08.11"]
[SourceVersion "1"]
[SourceVersionDate "2025.08.11"]
[SourceQuality "1"]

1. e4 c5 2. Nf3 d6 3. d4 cxd4 4. Nxd4 Nf6 5. Nc3 a6 6. Be3 Ng4 7. Bg5 h6 8. Bh4 g5 9. Bg3 Bg7 10. h3 Ne5 11. Be2 Nbc6 12. Nb3 Be6 13. Nd5 Ng6 14. c3 Rc8 15. O-O O-O 16. Ne3 Qb6 17. Bg4 Nge5 18. Bf5 Rcd8 19. Nd5 Qa7 20. Qe2 b5 21. Rad1 Bxf5 22. exf5 e6 23. Ne3 d5 24. Qh5 Qe7 25. f4 Nc4 26. Ng4 exf5 27. Nxh6+ Bxh6 28. Qxh6 gxf4 29. Bxf4 Qe6 30. Qh4 Ne7 31. Nd4 Qd7 32. Qg5+ Ng6 33. Nxf5 Qe6 34. Rde1 Qb6+ 35. Kh1 Rfe8 36. b3 Na5 37. Be5 Nc6 38. Nh6+ 1-0

[Event "GBR-ch 111th"]
[Site "Liverpool"]
[Date "2025.08.04"]
[Round "3.39"]
[White "Harborne, Matthew J"]
[Black "Kovalskyi, Roman"]
[Result "0-1"]
[WhiteElo "2048"]
[BlackElo "2180"]
[PlyCount "42"]
[EventDate "2025.08.02"]
[EventType "swiss"]
[EventRounds "9"]
[EventCountry "GBR"]
[SourceTitle "BritBase"]
[Source "John Saunders"]
[SourceDate "2025.08.11"]
[SourceVersion "1"]
[SourceVersionDate "2025.08.11"]
[SourceQuality "1"]

1. e4 c5 2. c3 d5 3. exd5 Qxd5 4. d4 Nf6 5. Nf3 e6 6. Na3 a6 7. Nc4 Nbd7 8. Be3 b5 9. Ncd2 Bb7 10. a4 cxd4 11. Bxd4 e5 12. c4 Qe6 13. Be3 bxa4 14. Qxa4 Ng4 15. Nb3 Nxe3 16. fxe3 Bc6 17. Qa5 Rb8 18. Nfd2 Bb4 19. Qxa6 O-O 20. c5 Qxb3 21. Qxc6 Qxe3+ 0-1

[Event "GBR-ch 111th"]
[Site "Liverpool"]
[Date "2025.08.04"]
[Round "3.40"]
[White "Kanyamarala, Trisha"]
[Black "Lebedev, Lion"]
[Result "1/2-1/2"]
[WhiteElo "2178"]
[BlackElo "2048"]
[PlyCount "110"]
[EventDate "2025.08.02"]
[EventType "swiss"]
[EventRounds "9"]
[EventCountry "GBR"]
[SourceTitle "BritBase"]
[Source "John Saunders"]
[SourceDate "2025.08.11"]
[SourceVersion "1"]
[SourceVersionDate "2025.08.11"]
[SourceQuality "1"]

1. d4 d5 2. Nf3 Nf6 3. e3 Bf5 4. Bd3 Bxd3 5. Qxd3 c6 6. Nbd2 Nbd7 7. O-O e6 8. e4 dxe4 9. Nxe4 Nxe4 10. Qxe4 Nf6 11. Qe2 h6 12. c4 Bd6 13. Rd1 O-O 14. Ne5 Qc7 15. Bf4 Rad8 16. Rd3 c5 17. Rad1 Qe7 18. dxc5 Bxc5 19. Be3 Bxe3 20. Qxe3 Qc7 21. Rd4 Qb6 22. h3 Rxd4 23. Qxd4 Qxd4 24. Rxd4 Rc8 25. Nd7 Nxd7 26. Rxd7 Rxc4 27. Rxb7 Rc2 28. a3 a5 29. b4 axb4 30. axb4 Rb2 31. b5 g5 32. b6 Kg7 33. g3 Kg6 34. Rb8 f6 35. b7 Kf5 36. Kf1 h5 37. Ke1 Ke4 38. Rf8 Rxb7 39. Rxf6 e5 40. Kf1 h4 41. Kg2 Rb3 42. gxh4 gxh4 43. Rh6 Kf5 44. Rh5+ Kf4 45. Rxh4+ Kf5 46. Rh8 e4 47. Rf8+ Kg5 48. Rg8+ Kf4 49. Rg4+ Kf5 50. Rg3 Rb6 51. h4 Rh6 52. Kh3 Kf4 53. Rg8 Rf6 54. Rg3 Rh6 55. Rc3 Rh7 1/2-1/2

[Event "GBR-ch 111th"]
[Site "Liverpool"]
[Date "2025.08.04"]
[Round "3.41"]
[White "Ledger, Dave J"]
[Black "Gunarathne, Senith"]
[Result "0-1"]
[WhiteElo "2161"]
[BlackElo "1918"]
[PlyCount "66"]
[EventDate "2025.08.02"]
[EventType "swiss"]
[EventRounds "9"]
[EventCountry "GBR"]
[SourceTitle "BritBase"]
[Source "John Saunders"]
[SourceDate "2025.08.11"]
[SourceVersion "1"]
[SourceVersionDate "2025.08.11"]
[SourceQuality "1"]

1. e4 c5 2. Nf3 d6 3. d4 cxd4 4. Nxd4 Nf6 5. Nc3 a6 6. Bc4 e6 7. Be3 Be7 8. Bb3 Bd7 9. f4 Nc6 10. Qf3 Rc8 11. O-O b5 12. a3 Qc7 13. f5 Ne5 14. Qg3 Nc4 15. fxe6 fxe6 16. Qxg7 Rg8 17. Qh6 Rg6 18. Qh3 Nxb2 19. Nce2 Nc4 20. Rf3 d5 21. exd5 exd5 22. Qh4 Bg4 23. Bf4 Qb6 24. Raf1 Bxf3 25. Rxf3 Rg4 26. Qh3 Kf7 27. Bg3 Rxd4 28. Nxd4 Qxd4+ 29. Rf2 Qd1+ 30. Rf1 Bc5+ 31. Bf2 Bxf2+ 32. Kxf2 Qd4+ 33. Kf3 Qe3# 0-1

[Event "GBR-ch 111th"]
[Site "Liverpool"]
[Date "2025.08.04"]
[Round "3.42"]
[White "Deepak Ambattu, Rithvik"]
[Black "Brewer, Callum D"]
[Result "1/2-1/2"]
[WhiteElo "1990"]
[BlackElo "2152"]
[PlyCount "45"]
[EventDate "2025.08.02"]
[EventType "swiss"]
[EventRounds "9"]
[EventCountry "GBR"]
[SourceTitle "BritBase"]
[Source "John Saunders"]
[SourceDate "2025.08.11"]
[SourceVersion "1"]
[SourceVersionDate "2025.08.11"]
[SourceQuality "1"]

1. e4 c6 2. d4 d5 3. exd5 cxd5 4. Bd3 Nc6 5. c3 Qc7 6. Ne2 Bg4 7. O-O e6 8. Qe1 Nf6 9. h3 Bxe2 10. Qxe2 Bd6 11. Nd2 O-O 12. Nf3 e5 13. dxe5 Nxe5 14. Nxe5 Bxe5 15. Qf3 Rfe8 16. Be3 Rad8 17. Rad1 Qa5 18. a3 Qa4 19. Bg5 Rd6 20. Bxf6 Bxf6 21. Rde1 g6 22. Bc2 Qd7 23. Rxe8+ 1/2-1/2